Statistics for Historical Siblings

Click here to take the quiz!

General Stats

  • This quiz has been taken 36 times
  • The average score is 12 of 25

Answer Stats

HintAnswer% Correct
Brontë sistersEmily
94%
Wright brothersOrville
85%
Offsprings and Heirs of Henry VIIIEdward VI
82%
Brontë sistersCharlotte
79%
Offsprings and Heirs of Henry VIIIElizabeth I
79%
James brothers (outlaws)Jesse
79%
Brontë sistersAnne
76%
Offsprings and Heirs of Henry VIIIMary I
76%
Wright brothersWilbur
76%
Gershwin brothersGeorge
56%
Offsprings of Henry James Sr.Henry
56%
Sons and Heirs of Henry IIJohn Lackland
56%
Gershwin brothersIra
47%
James brothers (outlaws)Frank
38%
Sons and Heirs of Henry IIRichard the Lionheart
38%
Offsprings of Henry James Sr.William
38%
Brothers GrimmJacob
26%
Sons of Niklaus BernoulliJacob
26%
Brothers GrimmWilhelm
24%
Sons of Niklaus BernoulliJohann
18%
Sons and Heirs of Constantine the GreatConstans
12%
Sons and Heirs of Constantine the GreatConstantine II
12%
Sons and Heirs of Constantine the GreatConstantius II
12%
Offsprings of Henry James Sr.Alice
9%
Sons of Niklaus BernoulliNicolaus
6%

Score Distribution

Percentile by Number Answered

Percent of People with Each Score

Your Score History

You have not taken this quiz